Statistiques concernant Personnages de Tolkien par temps d'écran par film

Cliquez ici pour prendre le quiz!

Statistiques générales

  • Ce quiz a été pris 737 fois
  • Le résultat moyen est 16 sur 24

Statistiques - réponses

HintPersonnages% Correct
TFRFrodon Sacquet
98%
TFRGandalf
98%
TFRBilbon Sacquet
96%
TFRLegolas Vertefeuille
96%
TFRAragorn
95%
TFRSamsagace Gamegie
93%
TFRGimli
88%
TFRPeregrin Touque
87%
TTTGollum
83%
TFRMeriadoc Brandebouc
82%
TFRBoromir
79%
AUJThorin Écu-de-chêne
74%
TDSSmaug
63%
TTTThéoden
52%
AUJKíli
51%
AUJBalin
50%
AUJFíli
49%
TRKEowyn
46%
TDSTauriel
37%
TDSBard
35%
AUJOri/Bifur
35%
AUJDwalin
33%
TBFAThranduil
32%
AUJBofur
30%

Distribution des résultats

Percentile par nombre de réponses

% des personnes avec chaque résultat

Votre développement - résultats

Vous n’avez pas pris ce quiz